Are they as good as their word? (Record no. 69994)

MARC details
000 -LEADER
fixed length control field 01568cam a2200253 4500
001 - CONTROL NUMBER
control field ABS65384
008 - FIXED-LENGTH DATA ELEMENTS--GENERAL INFORMATION
fixed length control field 020416n2002 000 0 eng u
035 ## - SYSTEM CONTROL NUMBER
System control number (Sirsi) u117527
100 ## - MAIN ENTRY--PERSONAL NAME
Personal name Gelder, K
245 ## - TITLE STATEMENT
Title Are they as good as their word?
260 ## - PUBLICATION, DISTRIBUTION, ETC.
Date of publication, distribution, etc. 2002
490 ## - SERIES STATEMENT
Series statement Estates Gazette
Volume/sequential designation (0213) 30 March 2002, 92-93(2)
520 ## - SUMMARY, ETC.
Summary, etc. Considers why an understanding of covenant strength and related accounting practices is important for surveyors. Explains how the financial standing of a company can affect those involved in other property specialisms, for example surveyors involved in the letting and assignment of commercial property. Highlights how covenant strength applies to negotiating lease terms or advising on lease assignments, and points to the changes brought in by the Landlord and Tenant (Covenants) Act 1995. Advises that surveyors should be able to interpret company accounts and understand an accountant's advice. Concludes with methods of researching covenant strength. Includes explanations of the profit and loss account, rents for a retail unit, the balance sheet, and definitions used to analyse the financial strength of a firm.
590 ## - LOCAL NOTE (RLIN)
Local note ABS
650 ## - SUBJECT ADDED ENTRY--TOPICAL TERM
Topical term or geographic name entry element MANAGEMENT-BUSINESS MANAGEMENT-FINANCIAL MANAGEMENT-ACCOUNTING
650 ## - SUBJECT ADDED ENTRY--TOPICAL TERM
Topical term or geographic name entry element LANDLORD AND TENANT (COVENANTS) ACT 1995
650 ## - SUBJECT ADDED ENTRY--TOPICAL TERM
Topical term or geographic name entry element RETAIL UNIT
650 ## - SUBJECT ADDED ENTRY--TOPICAL TERM
Topical term or geographic name entry element PROFIT AND LOSS ACCOUNT
650 ## - SUBJECT ADDED ENTRY--TOPICAL TERM
Topical term or geographic name entry element COVENANT STRENGTH
650 ## - SUBJECT ADDED ENTRY--TOPICAL TERM
Topical term or geographic name entry element COMPANY ACCOUNTS
650 ## - SUBJECT ADDED ENTRY--TOPICAL TERM
Topical term or geographic name entry element BALANCE SHEET
690 ## - LOCAL SUBJECT ADDED ENTRY--TOPICAL TERM (OCLC, RLIN)
Topical term or geographic name as entry element MANAGEMENT-BUSINESS MANAGEMENT-FINANCIAL MANAGEMENT
942 ## - ADDED ENTRY ELEMENTS (KOHA)
Suppress in OPAC 0
Holdings
Withdrawn status Lost status Source of classification or shelving scheme Damaged status Not for loan Home library Current library Shelving location Date acquired Total Checkouts Full call number Barcode Date last seen Copy number Price effective from Koha item type
    Dewey Decimal Classification     London London Journal article 16/04/2002   ABS65384 117527-1001 06/08/2019 1 06/08/2019 Journal article